How to survive your freshman year : by hundreds of college sophomores, juniors, and seniors who did and some things to avoid, from a few dropouts who didn’t (Record no. 30915)

MARC details
000 -LEADER
fixed length control field 00518nam a2200157Ia 4500
020 ## - INTERNATIONAL STANDARD BOOK NUMBER
ISBN 9781933512044
050 ## - CALL MARK
Classification number LB 2343.32 .H68/
100 ## - STATEMENT OF RESPONSIBILITY--MAIN AUTHOR NAME
Personal name Bernstein, Mark
245 #0 - TITLE STATEMENT
Title How to survive your freshman year : by hundreds of college sophomores, juniors, and seniors who did and some things to avoid, from a few dropouts who didn’t
260 ## - PUBLICATION, DISTRIBUTION, ETC. (IMPRINT)
Place of publication Atlanta
260 ## - PUBLICATION, DISTRIBUTION, ETC. (IMPRINT)
Name of publisher Hundreds of Heads Books, LLC
300 ## - PHYSICAL DESCRIPTION
Number of Pages 240 p
942 ## - ADDED ENTRY ELEMENTS (KOHA)
Koha item type Books
Holdings
Withdrawn status Lost status Source of classification or shelving scheme Damaged status Not for loan Permanent Location Current Location Date acquired Accession Number Price effective from Koha item type
    Library of Congress Classification     NILE UNIVERSITY OF NIGERIA - MAIN LIBRARY NILE UNIVERSITY OF NIGERIA - MAIN LIBRARY 04/23/2025 0010710 04/23/2025 Books